Ranking PFP UFC - Statystyki

Ogólne statystyki
  • Ten quiz został rozwiązany 115 razy
  • Średni wynik to 11 z 15
Statystyki odpowiedzi
Miejsce w rankingu Zawodnik Kategoria Wagowa Rekord Reprezentuje : % Poprawnych
2 Ilia Topuria Lekka 17-0-0 Gruzja
97%
5 Alexander Volkanovski Piórkowa 27-4-0 Australia
95%
4 Alex Pereira Półciężka 13-3-0 Brazylia
89%
3 Khamzat Chimaev Średnia 15-0-0 Zjednoczone Emiraty Arabskie
88%
8 Tom Aspinall Ciężka 15-3-0, 1NC Anglia
87%
6 Petr Yan Kogucia 20-5-0 Rosja
84%
1 Islam Makhachev Półśrednia 28-1-0 Rosja
79%
7 Merab Dvalishvili Kogucia 21-5-0 Gruzja
74%
9 Alexandre Pantoja Musza 30-6-0 Brazylia
68%
12 Joshua Van Musza 16-2-0 Mjanma
64%
13 Magomed ankalaev Półciężka 21-2-1, 1NC Rosja
62%
10 Max Holloway Lekka 27-8-0 Stany Zjednoczone
61%
15 Arman Tsarukyan Lekka 23-3-0 Armenia
57%
11 Dricus Du Plessis Średnia 22-3-0 Republika Południowej Afryki
57%
14 Jack Della Maddalena Półśrednia 18-3-0 Australia
39%
Nie znaleziono quizów pasujących do podanych kryteriów
Rozkład punktacji
Procent ludzi z każdym wynikiem
Percentyl według liczby udzielonych odpowiedzi
Twoja historia wyników
Nie rozwiązałeś tego quizu